000 00473nam a22001697a 4500
003 OSt
005 20211117112020.0
008 211117b |||||||| |||| 00| 0 eng d
020 _a92-5-102668-8
040 _cHAWASSA UNIVERSITY
050 _a639.4/AED
_b1
082 _a639.4/AED
_b1
100 _aARDIZZONE D. G.
_qARDIZZONE D. G.
_918904
245 _aMANAGEMENT OF COASTAL LAGOON FISHERIES AND AQUACULTRE IN ITALY
260 _aROME
_bFAO
_c1988
942 _2ddc
_cBOOKS
_n0
999 _c18693
_d18693